LDR 00679naa#a2200193#i#450# 001 EN\\bibl\120280 005 20260417000850.5 011 ## _a1819-4036 100 ## _a20210331b2021####ek#y0engy0150####ca 102 ## _aRU 200 1# _aINTERSPECIFIC MIGRATION OF AGENT BRUCELLOSIS AMONG YAKS _eJournal article 210 1# _aKrasnoyarsk _cKrasnoyarsk State Agrarian University _d2021 215 ## _a5 с. 608 ## _aJournal article _2local 675 ## _aСравнительная патология. Ветеринария. 619 _z 700 #1 _aTursumbetov _gMambetaly Sadyvalyevich 700 #1 _aChegirov _gSalamat Birimkulovich 700 #1 _aKel'dibekova _gZamira Sadybakasovna 856 4# _avestnik.kgau.ru _u